El niño del alba : un viaje mágico al despertar /

Spremljeno u:
Bibliografski detalji
Glavni autor: Chopra, Gautama (autor)
Daljnji autori: Chopra, Deepak (prólogo) (prólogo)
Format: Knjiga
Jezik:španjolski
Izdano: Bogotá, Colombia . Norma, 1997, c1996
Teme:
Oznake: Dodaj oznaku
Bez oznaka, Budi prvi tko označuje ovaj zapis!

MARC

LEADER 00000nam^a2200000^a^4500
001 000316195
005 20250521000000.0
009 20260310113306.25
020 |a 958-04-3635-5 
025 |a Donación Héctor Garza, 1 ejemplar 
037 |a Acervo Xavier Clavigero 
041 |a ESP 
082 |a 808. 899282  |b CHO 
100 |a Chopra, Gautama  |e (autor) 
245 1 3 |a El niño del alba :  |b un viaje mágico al despertar /  |c G. Chopra ; pról. de D. Chopra ; tr. por Adriana de Hassan. 
264 4 |a Bogotá, Colombia .  |b Norma,  |c 1997, c1996 
300 |a XVI, 223 p. 
336 |a texto  |b txt  |2 rdacontenido 
337 |a sin mediación  |b n  |2 rdamedio 
338 |a volumen  |b nc  |2 rdasoporte 
649 |a XX 
650 |a Cuentos Norteamericanos 
650 |a Cuentos Infantiles 
650 |a Literatura Norteamericana -  |y Siglo XX 
650 |a Literatura Infantil 
650 |a Niños en la Literatura 
650 |a Superación Personal y Autoayuda 
700 |a Chopra, Deepak  |e (prólogo) 
910 |a Fondo General 
920 |a Impresos - Libros 
930 |a Colección General 
940 |a Literatura 
905 |a 101 
901 |a 0500203096  |b IT1  |c LIT  |i D  |u 20250521 
902 |a https://opac.biblio.iteso.mx/vufind/Record/000316195